| 000 | 00544nam a2200193Ia 4500 | ||
|---|---|---|---|
| 005 | 20250923145117.0 | ||
| 008 | 008 250917s9999 xx 000 0 eng d | ||
| 037 | _aTextual | ||
| 040 |
_aDSWL _beng _cDSWL |
||
| 041 |
_aeng _2eng |
||
| 084 |
_aY12x2,N, N46 _qDSWL |
||
| 245 | 0 |
_aTo the youth of my country _cEd.by Durlab Singh |
|
| 260 |
_aLahore _bHero Publications , Lower Mall _c1946 |
||
| 300 | _axv,692 p. | ||
| 365 |
_aINR _b10 |
||
| 925 | _g10 | ||
| 942 |
_cTEXL _hY12x2,N, N46 |
||
| 999 |
_c1447226 _d1447226 |
||